000 01276nam a2200205Ia 4500
003 Ost
005 20260507074949.0
008 260507s9999||||xx |||||||||||||| ||und||
040 _cfsecg
041 _aara
082 _a330
100 _aالعجمى، محمد حسنين
_eمؤلف
245 0 _aاقتصاديات التعليم :
_bآليات ترشيد الإنفاق التعليمي ومصادر تمويله /
_c محمد حسنين العجمى
260 _aالاسكندرية:
_bدار الجامعة الجديدة,
_c2007
300 _a220 صفحة؛
_bإيضاحات ؛
_c25 سم
504 _aببليوغرافيا:ص.165-182 كشاف المصطلحات:ص.183-215
520 _aتمويل التعليم قبل الجامعي بجمهورية مصرالعربية(المصادر-المشكلات)،مصادر تمويل التعليم العام وأهم مشكلاته في بعض دول العالم الولايات المتحدة الأمريكية وزيمبابوي(نموذجا)،ترشيد الإنفاق التعليمي الإتجاهات -الطرائق،آليات ترشيد الإنفاق التعليمي للحد من مشكلات تمويل التعليم
653 _aالاقتصاد-تعليم وتدريس
942 _cكتاب
999 _c41982
_d41982